000 00484nam a22001697a 4500
999 _c8198
_d8198
003 GBCCL
005 20241126110645.0
008 190712b ||||| |||| 00| 0 eng d
040 _cGBC
082 _a248.2
_bMCG
100 _aMcGee, J Vernon
_910893
245 _aWhy do God's children suffer?
260 _aPasadena, Calif. :
_bThru the Bible Books,
_c1974.
300 _a37 pages ;
_b19 cm
650 _aSuffering
_vReligious aspects
_x Christianity.
_97869
942 _2ddc
_cBK
_01